Cuentos de don Jorge Sahlame : Reelaboración libre de cuentos de Las mil y una noches /
Los antiquísimos cuentos orientales conocidos como Las mil y una noche se originan en el patrimonio cultural de decenas de pueblos (situados en la India, en Persia, en Irak, en Egipto, en toda esa dilatada comarca conocida como Oriente cercano y medio, sin excluir influencias aún más remotas). A lo...
Guardado en:
| Autor Principal: | |
|---|---|
| Otros Autores: | |
| Formato: | Libro |
| Publicado: |
Buenos Aires :
Santillana,
2001.
|
| Series: | Leer es genial. Ayer y siempre
|
| Materias: | |
| Etiquetas: |
Agregar Etiqueta
Sin Etiquetas, Sea el primero en etiquetar este registro!
|
| LEADER | 01825nam a22002415a 4500 | ||
|---|---|---|---|
| 001 | CEM.cems019981 | ||
| 008 | 230410s2001##################000#0#####d | ||
| 005 | 20230417085726.0 | ||
| 245 | 1 | 0 | |a Cuentos de don Jorge Sahlame : |b Reelaboración libre de cuentos de Las mil y una noches / |c Fernando Sorrentino; ilustraciones de Tabaré. |
| 260 | |a Buenos Aires : |b Santillana, |c 2001. | ||
| 300 | |a 136 p. | ||
| 490 | 0 | |a Leer es genial. Ayer y siempre | |
| 520 | |a Los antiquísimos cuentos orientales conocidos como Las mil y una noche se originan en el patrimonio cultural de decenas de pueblos (situados en la India, en Persia, en Irak, en Egipto, en toda esa dilatada comarca conocida como Oriente cercano y medio, sin excluir influencias aún más remotas). A lo largo de mil quinientos años, esas encantadoras historias, al pasar de una cultura a otra, y de ésta a otra y a otra, han sufrido incontables modificaciones, debidas no solo al paso del tiempo, sino también a las idiosincrasias de los distintos países y ámbitos culturales donde se las conoció. Estos Cuentos de don Jorge Sahlame son, ni más ni menos, la versión de cuatro de estas historias orientales, adaptadas a nuestro ámbito geográfico y cultural mediante una reelaboración libre realizada por Fernando Sorrentino. | ||
| 505 | 0 | |a Historia de Evaristo De Luca y sus brillantes ideas -- Historia de Carlitos Paladino y la lámpara maravillosa -- Historia de Luis Baballi y los cuarenta ladrones - Historia de Nepomuceno Paredes y sus aceitunas | |
| 020 | |a 9504609775 | ||
| 100 | 1 | |a Sorrentino, Fernando. | |
| 700 | 1 | |a Tabaré, il. | |
| 653 | |a Literatura | ||
| 653 | |a Literatura árabe | ||
| 653 | |a Cuentos | ||
| 653 | |a Literatura Infantil | ||
| 653 | |a Literatura Juvenil | ||
| 859 | |a CEMS |b BIB. CEMS - Inicial y Primaria |h A868.4 |i So696-1 |k IP |p 6379 |t Ej.1 | ||
